Countries with most numbers of lions - Statistics

General Stats
  • This quiz has been taken 93 times
    63 since last reset
  • The average score is 8 of 10
Answer Stats
Hint Answer % Correct
2985 Kenya
96%
1178 South Africa
91%
15576 Tanzania
89%
1633 Botswana
86%
2380 Zimbabwe
86%
999 Zambia
84%
760 Ethiopia
79%
2142 Mozambique
79%
2195 Angola
77%
1252 Central African Republic
63%
No matching quizzes found
Score Distribution
Percent of People with Each Score
Percentile by Number Answered
Your Score History
You have not taken this quiz since the last reset